000 00604nam a2200217Ii 4500
003 JO-AjNU
008 230606s9999||||xx |||||||||||||| ||und||
020 _a978-81-8128-140-1
040 _aJO-AjNU
_beng
_erda
_cJO-AjNU
041 _aeng
050 1 4 _aQA155 .H83
100 3 _aHungerford,Thomas,
_eauthor
_93745
245 0 0 _a Algebra. 
264 3 1 _aBerline:Springer,2004
300 _a502p
336 _atext
_btxt
_2rdacontent
337 _aunmediated
_bn
_2rdamedia
338 _avolume
_bnc
_2rdacarrier
490 0 _a Graduate texts in mathematics ; 73. 
650 4 _a Algebra. 
_93746
999 _aE1955
_c1955
_d1955